| 000 | 01064nam a2200301 i 4500 | ||
|---|---|---|---|
| 001 | 000022783 | ||
| 003 | DO-SdBNP | ||
| 005 | 20260528102119.0 | ||
| 007 | ta | ||
| 008 | 101118s2007 cu 000 0 spa d | ||
| 020 | _a9789591105721 | ||
| 040 |
_aDO-SdBNP _bspa _cBNPHU _erda |
||
| 041 | _aspa | ||
| 082 | 4 |
_axxx _bM464g _222 |
|
| 245 | 0 | 0 |
_aMáximo Gómez : _ben perspectivas / _ccoordinador, Yoel Cordoví Nuñez ; edición y corrección, Natividad Alfaro Peña |
| 264 | 4 |
_aSantiago de Cuba : _bEditorial Oriente; _bInstituto Cubano del Libro, _c©2007. |
|
| 300 |
_a223 páginas ; _c21 cm. |
||
| 336 |
_atexto _btxt _2rdacontent |
||
| 337 |
_asin mediación _bn _2rdamedia |
||
| 338 |
_avolumen _bnc _2rdacarrier |
||
| 490 | 0 | _aColección Historia | |
| 500 | _aIncluye referencias bibliográficas y notas al pie de las páginas | ||
| 590 | _aInventariado, 2024/ YL | ||
| 700 | 1 |
_aCordoví Nuñez, Yoel, _ecoordinador _4coord. _96654 |
|
| 700 | 1 |
_aAlfaro Peña, Natividad, _eeditor y corrector _4ed. corr. _932624 |
|
| 910 | _aYLockward | ||
| 942 |
_2ddc _cLBS1 |
||
| 999 |
_c22280 _d22280 |
||